000 00307 a2200157 4500
001 176272
020 _a
040 _cMagnum
100 _aGaldino, Luiz
240 1 0 _aSarue, zambi !
_lpor
245 1 0 _aSarue, zambi !
362 0 _a1899
440 1 _aFTD
697 _aMAGNITO: J/GERAL
942 _cBK
999 _c176272
_d176272